[Event "It (open)"]
[Site "masterchessopen.com Sautron (France)"]
[Date "2010.10.30"]
[Round "9"]
[White "Maiorov Nikita (BLR)"]
[Black "Monroy Charles (FRA)"]
[Result "1-0"]
[WhiteElo "2546"]
[BlackElo "2431"]

1.d4 Nf6 2.c4 e6 3.Nc3 Bb4 4.Qc2 d5 5.a3 Bxc3+ 6.Qxc3 O-O 7.e3 dxc4 8.Bxc4 b6
9.Ne2 Bb7 10.O-O Nbd7 11.b3 Rc8 12.Bb2 c5 13.Ng3 Qc7 14.Rfd1 Bd5 15.Ba6 Bb7
16.Bxb7 Qxb7 17.d5 Rce8 18.dxe6 fxe6 19.Rd3 Re7 20.Rad1 Nd5 21.Qd2 Nb8 22.e4
Nf4 23.Rd8 Rf7 24.Be5 Ng6 25.Bxb8 Rxd8 26.Qxd8+ Rf8 27.Qd6 Qxb8 28.Qxe6+ Kh8
29.Ne2 Re8 30.Qd5 Rf8 31.g3 Qc8 32.f4 Qa6 33.Qd3 Qxa3 34.f5 c4 35.Qxc4 Ne5
36.Qc3 Qa2 37.Nc1 Qa5 38.Qxa5 bxa5 39.Rd5 Re8 40.Rxa5 Nf3+ 41.Kg2 Ne1+ 42.Kf2
Rxe4 43.Rxa7 Re8 44.Rc7 {#r} 1-0

[Event "It \"]
[Site "masterchessopen.com Halifax (England)"]
[Date "2010.11.21"]
[Round "8"]
[White "Shaw Peter (ENG)"]
[Black "Hart David P O (ENG)"]
[Result "0-1"]
[WhiteElo "2164"]
[BlackElo "2018"]

1.d4 Nf6 2.c4 e6 3.Nc3 Bb4 4.Qc2 d5 5.a3 Bxc3+ 6.Qxc3 dxc4 7.Qxc4 b6 8.Nf3 Ba6
9.Qc2 O-O 10.g3 Nbd7 11.Bg2 c5 12.O-O Rc8 13.Re1 cxd4 14.Qd1 e5 15.b4 Qc7
16.Qa4 Bb7 17.Bg5 Ne4 18.Rac1 Nc3 19.Qb3 Bd5 20.Qb2 Qb7 21.Bd2 Nxe2+ 22.Rxe2
Bxf3 23.Bxf3 Qxf3 24.Ree1 b5 25.Rxc8 Rxc8 26.Rc1 Qb7 27.Rxc8+ Qxc8 28.f4 f6
29.fxe5 fxe5 30.Qb1 Qc6 31.Qf5 Qd5 32.Bg5 Nb6 33.Be7 Nd7 34.Kf2 Qf7 35.Qxf7+
Kxf7 36.Bg5 Ke6 37.Kf3 Kd5 38.g4 Nb6 39.h4 Nc4 40.Bc1 e4+ 41.Kf4 e3 42.Kf3 Ke5
43.h5 h6 {#R} 0-1

[Event "It (open)"]
[Site "masterchessopen.com Belgrade (Serbia)"]
[Date "2010.11.26"]
[Round "3"]
[White "Rajcevic Stevan (SRB)"]
[Black "Mladenovic Aleksandar (SRB)"]
[Result "1-0"]
[WhiteElo "2129"]
[BlackElo "1798"]

1.d4 Nf6 2.c4 e6 3.Nc3 Bb4 4.Qc2 d5 5.a3 Bxc3+ 6.Qxc3 h6 7.Nf3 O-O 8.Bf4 b6
9.e3 Bb7 10.Rd1 Nbd7 11.b4 dxc4 12.Qxc4 Rc8 13.Be2 Qe7 14.O-O Nh5 15.Be5 Nhf6
16.Bg3 Ne4 17.Bf4 c5 18.dxc5 bxc5 19.b5 Nb6 20.Qc2 Rfd8 21.Bd3 Nf6 22.Be5 Nfd5
23.Be2 Kh8 24.Qb2 f6 25.Nh4 Qe8 26.Bg3 c4 27.Rc1 Na4 28.Qc2 Nac3 29.e4 Nxe2+
30.Qxe2 Nb6 31.Qg4 Rc5 32.Rfd1 Rxd1+ 33.Rxd1 Rxb5 34.Ng6+ Kh7 35.Nf4 Bxe4
36.Nxe6 {#r} 1-0

[Event "Ch Poland (team) (3 liga)"]
[Site "masterchessopen.com Poland"]
[Date "2010.12.25"]
[Round "3"]
[White "Miszczak Mateusz (POL)"]
[Black "Nowakowski Jaroslaw (POL)"]
[Result "1-0"]
[WhiteElo "1905"]
[BlackElo "1919"]

1.d4 Nf6 2.c4 e6 3.Nc3 Bb4 4.Qc2 d5 5.a3 Bxc3+ 6.Qxc3 O-O 7.Bg5 b6 8.Rc1 Ba6
9.e3 Nbd7 10.cxd5 Bxf1 11.Kxf1 exd5 12.Nf3 Rc8 13.Ne5 c5 14.Ke2 h6 15.Nxd7
Qxd7 16.Bxf6 Qg4+ 17.Kd2 gxf6 18.Qd3 c4 19.Qe2 Qd7 20.Qh5 Kh7 21.h4 Rg8
22.Rcg1 a5 23.g4 Qe6 24.Qf5+ Qxf5 25.gxf5 h5 26.f3 b5 27.Ke2 Rb8 28.Rxg8 Rxg8
29.Kf2 Rb8 30.e4 Kg7 31.Ke3 Kf8 32.exd5 Rd8 33.a4 Rxd5 34.Ke4 {#r} 1-0

[Event "It (open) (active)"]
[Site "masterchessopen.com Jaen (Spain)"]
[Date "2011.02.06"]
[Round "5"]
[White "Georgiev Kiril (MKD)"]
[Black "Iturrizaga Eduardo (VEN)"]
[Result "1-0"]
[WhiteElo "2664"]
[BlackElo "2640"]

1.d4 Nf6 2.c4 e6 3.Nc3 Bb4 4.Qc2 d5 5.a3 Bxc3+ 6.Qxc3 dxc4 7.Qxc4 b6 8.Bf4 Nd5
9.Bg3 Ba6 10.Qc2 O-O 11.e4 Bxf1 12.Kxf1 Nf6 13.Ne2 c5 14.Rd1 Nbd7 15.f3 Qc8
16.Nc3 Rd8 17.Bf2 cxd4 18.Bxd4 Qc7 19.g3 Ne5 20.Kg2 Rd7 21.Qe2 Rad8 22.Bxe5
Qxe5 23.Rxd7 Rxd7 24.Rd1 Rxd1 25.Qxd1 g5 26.Qd2 Kg7 27.h3 h6 28.Ne2 h5 29.Qc3
Nd7 30.f4 Qxc3 31.Nxc3 g4 32.hxg4 hxg4 33.Kf2 f5 34.Ke3 Nf6 35.Nb1 Ng8 {#r}
1-0

[Event "Ch Poltava Region (open)"]
[Site "masterchessopen.com Lubny (Ukraine)"]
[Date "2011.02.23"]
[Round "7"]
[White "Shemeakin Alexander (UKR)"]
[Black "Shalimov Valery (UKR)"]
[Result "0-1"]
[WhiteElo "2305"]
[BlackElo "2359"]

1.d4 Nf6 2.c4 e6 3.Nc3 Bb4 4.Qc2 d5 5.a3 Bxc3+ 6.Qxc3 O-O 7.Nf3 dxc4 8.Qxc4 b6
9.Bg5 Ba6 10.Qc2 Nbd7 11.e4 Bxf1 12.Rxf1 h6 13.Bxf6 Nxf6 14.O-O-O c5 15.Kb1
Qc7 16.Rfe1 Qb7 17.Qe2 Rac8 18.dxc5 Rxc5 19.Nd4 b5 20.Nb3 Rc7 21.Rd4 a6 22.f3
Nd7 23.Red1 Ne5 24.Na5 Qb8 25.Qd2 Rfc8 26.Rd8+ Kh7 27.Rxc8 Qxc8 28.Qd8 Rc1+
29.Ka2 Qxd8 30.Rxd8 Rc2 31.f4 Nc4 32.Nxc4 bxc4 33.Rc8 Rxg2 34.Rxc4 Rxh2 35.a4
g5 36.fxg5 hxg5 37.Ka3 Kg6 38.a5 g4 39.b4 Rh5 40.Rc8 Kg7 41.Rc3 Rh3 {#R} 0-1

[Event "It (open)"]
[Site "masterchessopen.com Cappelle la Grande (France)"]
[Date "2011.02.27"]
[Round "2"]
[White "Asefi Zaheeruddeen (AFG)"]
[Black "Valuet Bertrand (FRA)"]
[Result "0-1"]
[WhiteElo "2072"]
[BlackElo "2298"]

1.d4 Nf6 2.c4 e6 3.Nc3 Bb4 4.Qc2 d5 5.a3 Bxc3+ 6.Qxc3 O-O 7.Bg5 h6 8.Bh4 c5
9.e3 g5 10.Bg3 Ne4 11.Qc2 Qa5+ 12.Kd1 Nc6 13.Nf3 Nb4 14.Qc1 Qa4+ 15.Ke2 Nc2
16.Rb1 dxc4 17.dxc5 Rd8 18.Bd6 Qb3 19.Ne1 Nxa3 20.Ra1 Nb5 21.f3 c3 22.fxe4
cxb2 23.Qc2 bxa1=N 24.Qxb3 Nxb3 25.Be5 Nxc5 26.Bf6 Bd7 27.Kf3 Nd6 {#R} 0-1

[Event "Ch Brazil (amateurs)"]
[Site "masterchessopen.com Sao Paulo (Brazil)"]
[Date "2011.03.07"]
[Round "5"]
[White "Macedo Carlos Alberto de"]
[Black "Riboldi Mario Garcia (BRA)"]
[Result "1-0"]
[WhiteElo "1797"]
[BlackElo "1688"]

1.d4 Nf6 2.c4 e6 3.Nc3 Bb4 4.Qc2 d5 5.a3 Bxc3+ 6.Qxc3 c6 7.Nf3 Ne4 8.Qc2 O-O
9.e3 Nd7 10.Bd3 Ndf6 11.O-O b6 12.Ne5 Qc7 13.cxd5 exd5 14.Qxc6 Qxc6 15.Nxc6
Re8 16.f3 Nd6 17.Ne5 Bf5 18.Bxf5 Nxf5 19.Bd2 Rac8 20.Rac1 Nd6 21.b3 Kf8 22.Bb4
Ke7 23.Bxd6+ Kxd6 24.Nxf7+ Ke7 25.Ne5 Nd7 26.Kf2 Kd6 27.Nxd7 Kxd7 28.Ke2 b5
29.Kd2 a5 30.Rc5 Rxc5 31.dxc5 Kc6 32.Rc1 Rd8 33.Kd3 Rd7 34.Kd4 Re7 35.Re1 Re8
36.e4 dxe4 37.Rxe4 Rd8+ 38.Kc3 Kxc5 39.Re5+ Kb6 40.Re7 Rc8+ 41.Kb2 Rg8 42.f4
h5 43.g3 g5 44.Re6+ Kc5 45.Re5+ {#r} 1-0

[Event "Tournament (Elo)"]
[Site "masterchessopen.com Itu (Brazil)"]
[Date "2011.03.23"]
[Round "1"]
[White "Goncalves Jacque Angelica"]
[Black "Martinez Carlos Alejandro (BRA)"]
[Result "0-1"]
[WhiteElo "1798"]
[BlackElo "2501"]

1.d4 Nf6 2.c4 e6 3.Nc3 Bb4 4.Qc2 d5 5.a3 Bxc3+ 6.Qxc3 Nc6 7.e3 O-O 8.b4 Re8
9.Nf3 Ne4 10.Qc2 f5 11.Bd3 Ne7 12.Bb2 Ng6 13.O-O c6 14.b5 Rf8 15.bxc6 bxc6
16.Ne5 Nxe5 17.dxe5 Rb8 18.cxd5 cxd5 19.Bd4 Qa5 20.f3 Ng5 21.Rfb1 Ba6 22.Bxa6
Qxa6 23.Rb4 Rbc8 24.Qd2 Rc7 25.Rc1 Rfc8 26.Rxc7 Rxc7 27.Rb8+ Rc8 28.Rxc8+ Qxc8
29.e4 h6 30.exf5 exf5 31.Bxa7 Qc4 32.Be3 Ne6 33.Qc1 Qd3 34.a4 d4 35.Bd2 Kh7
36.a5 Nc5 37.Qxc5 Qxd2 38.h3 d3 39.a6 Qc2 40.Qf8 d2 {#R} 0-1

[Event "Tournament (Elo)"]
[Site "masterchessopen.com Itu (Brazil)"]
[Date "2011.03.25"]
[Round "3"]
[White "Goncalves Jacque Angelica"]
[Black "Grillo Cloves Moises (BRA)"]
[Result "0-1"]
[WhiteElo "1798"]
[BlackElo "1710"]

1.d4 Nf6 2.c4 e6 3.Nc3 Bb4 4.Qc2 d5 5.a3 Bxc3+ 6.Qxc3 Nc6 7.e3 O-O 8.Nf3 Re8
9.Qc2 e5 10.Qc3 Ne4 11.Qd3 exd4 12.Nxd4 Nc5 13.Qc3 Nxd4 14.Qxd4 Nb3 15.Qc3
Nxa1 16.b4 Qf6 17.Qxf6 gxf6 18.Kd1 dxc4 19.Bxc4 Bf5 20.Bb2 Rad8+ 21.Kc1 Nc2
22.Bb3 Re6 23.Bxc2 Rc6 {#R} 0-1

[Event "Ch France (juniors) (under 14)"]
[Site "masterchessopen.com Montlucon (France)"]
[Date "2011.04.18"]
[Round "2"]
[White "Sarafian Thomas (FRA)"]
[Black "Lamard Guillaume (FRA)"]
[Result "0-1"]
[WhiteElo "1753"]
[BlackElo "2161"]

1.d4 Nf6 2.c4 e6 3.Nc3 Bb4 4.Qc2 d5 5.a3 Bxc3+ 6.Qxc3 O-O 7.Bg5 Nbd7 8.Nf3 c5
9.dxc5 Qc7 10.b4 Ne4 11.Qc1 a5 12.cxd5 exd5 13.Bf4 Qd8 14.e3 Qf6 15.Rb1 axb4
16.axb4 Ra2 17.Bg3 Nc3 18.Rb3 Ne4 19.Bd3 Ra1 20.Rb1 Rxb1 21.Qxb1 Qc3+ 22.Ke2
f5 23.Nd4 Qd2+ 24.Kf1 f4 25.Nf3 fxg3 26.Nxd2 Nxd2+ 27.Ke1 Nxb1 28.Bxb1 gxf2+
29.Ke2 Ne5 30.h3 Bd7 {#R} 0-1

[Event "It \"]
[Site "masterchessopen.com Otranto (Italy)"]
[Date "2011.05.24"]
[Round "4"]
[White "Zielinski Werner (GER)"]
[Black "Sbarra Marco (ITA)"]
[Result "1-0"]
[WhiteElo "2137"]
[BlackElo "2227"]

1.d4 Nf6 2.c4 e6 3.Nc3 Bb4 4.Qc2 d5 5.a3 Bxc3+ 6.bxc3 c5 7.e3 O-O 8.Nf3 Nc6
9.Bd3 Qc7 10.cxd5 exd5 11.O-O c4 12.Be2 Re8 13.a4 Bg4 14.Ne1 Bd7 15.Nf3 Ne4
16.Nd2 Bf5 17.Nxe4 Bxe4 18.Qd1 Na5 19.f3 Bg6 20.Re1 Nb3 21.Ra2 Re6 22.Bf1 Rae8
23.e4 Nxc1 24.Qxc1 dxe4 25.f4 f5 26.Rb2 Bf7 27.Qe3 Rb6 28.Reb1 Rd8 29.g4 Rxb2
30.Rxb2 fxg4 31.Qxe4 Bd5 32.Qe5 Qxe5 33.fxe5 Kf7 34.Be2 h5 35.h3 Kg6 36.hxg4
h4 37.Rb4 Rc8 38.Kf2 Kg5 39.Ke3 Rf8 40.Bxc4 Bg2 41.e6 h3 42.Rb5+ Kh4 43.e7 Re8
44.Kf4 g6 45.Bf7 h2 46.Bxg6 {#r} 1-0

[Event "Ch France (team) 2011"]
[Site "masterchessopen.com Mulhouse (France)"]
[Date "2011.05.29"]
[Round "4"]
[White "Debray Christopher (FRA)"]
[Black "Naiditsch Arkadij (GER)"]
[Result "0-1"]
[WhiteElo "2402"]
[BlackElo "2707"]

1.d4 Nf6 2.c4 e6 3.Nc3 Bb4 4.Qc2 d5 5.a3 Bxc3+ 6.Qxc3 c5 7.dxc5 d4 8.Qg3 Nc6
9.Nf3 e5 10.Nxe5 Qa5+ 11.Bd2 Qxd2+ 12.Kxd2 Ne4+ 13.Ke1 Nxg3 14.Nxc6 Nxh1
15.Nxd4 h5 16.e3 h4 17.Bd3 Rh5 18.b4 Rg5 19.Be4 a5 20.f4 Rg4 21.b5 g5 22.Ke2
gxf4 23.Rxh1 fxe3 24.Kxe3 Kf8 25.Rf1 Kg7 26.c6 bxc6 27.Nxc6 f5 28.Bd5 Bd7
29.b6 Re8+ 30.Kd3 Rg6 31.Nd4 Rxb6 32.Nxf5+ Bxf5+ 33.Rxf5 Rb3+ 34.Kd4 Rxa3
35.Rf7+ Kh6 36.Ra7 Ra1 37.Bc6 Rc8 38.Ra6 Kg5 39.Bb5 Rf8 40.Bc6 Rf6 41.Kc5 a4
42.Ra5 a3 43.Kb4+ Kh6 44.Bf3 a2 45.Kb3 Rb6+ 46.Kc2 Rf1 47.c5 Rb8 {#R} 0-1

[Event "It (cat.2)"]
[Site "masterchessopen.com Salvador (Brazil)"]
[Date "2011.08.06"]
[Round "6"]
[White "Rodi Luis Ernesto (ARG)"]
[Black "Santos Vitor Mauricio (BRA)"]
[Result "1-0"]
[WhiteElo "2404"]
[BlackElo "2157"]

1.d4 Nf6 2.c4 e6 3.Nc3 Bb4 4.Qc2 d5 5.a3 Bxc3+ 6.Qxc3 b6 7.Bg5 Nbd7 8.c5 c6
9.cxb6 Qxb6 10.f3 Ba6 11.Rc1 Rc8 12.b4 O-O 13.Nh3 Rfe8 14.e3 Bxf1 15.Rxf1 e5
16.Kf2 exd4 17.exd4 Re4 18.Rfd1 h6 19.Bxf6 Nxf6 20.Kg1 Ree8 21.Nf2 Nd7 22.Re1
Nf6 23.Nd3 Nd7 24.g3 Qb5 25.Kf2 f6 26.Nf4 Qb6 27.Kg2 g5 28.Ne6 Nf8 29.Nxf8
Kxf8 30.Qd3 Kg7 31.Rcd1 a6 32.h4 Qb5 33.Qd2 Qb8 34.h5 f5 35.Qc2 Qb5 36.Qxf5
Re2+ 37.Kh3 Rce8 38.Qg6+ Kf8 39.Qxh6+ Ke7 40.Rxe2+ Qxe2 41.Qxg5+ Kd7 42.Rd2
Qf1+ 43.Kg4 Rf8 44.Qg7+ Ke8 45.Qe5+ Kd7 46.Qg7+ Ke8 47.Qg6+ Ke7 48.Rd3 {#r}
1-0

[Event "Memorial M.Botvinnik (open)"]
[Site "masterchessopen.com St. Petersburg (Russia)"]
[Date "2011.08.14"]
[Round "3"]
[White "Derbenev Andrey (RUS)"]
[Black "Fedoseev Vladimir (RUS)"]
[Result "1-0"]
[WhiteElo "2353"]
[BlackElo "2154"]

1.d4 Nf6 2.c4 e6 3.Nc3 Bb4 4.Qc2 d5 5.a3 Bxc3+ 6.Qxc3 c5 7.dxc5 d4 8.Qc2 e5
9.e3 O-O 10.exd4 exd4 11.Bd3 Nc6 12.Ne2 Qa5+ 13.Bd2 Qxc5 14.O-O Qh5 15.Rfe1 a5
16.Bf4 Qc5 17.Ng3 Be6 18.b3 Rfe8 19.Qb2 Bg4 20.h3 Bd7 21.Rab1 Nh5 22.Nxh5 Qxh5
23.b4 axb4 24.axb4 Qh4 25.Bg3 Qf6 26.Re4 Rxe4 27.Bxe4 Bf5 28.Qc2 Bxe4 29.Qxe4
h5 30.b5 Na5 31.c5 Rc8 32.Qd5 Qe6 33.Qxh5 f5 34.Qg5 Qe4 35.Rd1 Nc4 36.Kh2 d3
37.f3 Qd5 38.Re1 d2 39.Re7 Qd4 40.Be5 Qxe5+ 41.Rxe5 d1=Q 42.Qxf5 {#r} 1-0

[Event "It (open)"]
[Site "masterchessopen.com Goch (Germany)"]
[Date "2011.09.30"]
[Round "3"]
[White "Schmidt-Schaeffer Sebastian (GER)"]
[Black "Kienitz Andre (GER)"]
[Result "1-0"]
[WhiteElo "2389"]
[BlackElo "2122"]

1.d4 Nf6 2.c4 e6 3.Nc3 Bb4 4.Qc2 d5 5.a3 Bxc3+ 6.Qxc3 dxc4 7.e3 O-O 8.Bxc4 b6
9.Ne2 Bb7 10.O-O Nbd7 11.f3 c5 12.dxc5 bxc5 13.e4 Qb6 14.Be3 a5 15.Rfd1 Ba6
16.Bxa6 Qxa6 17.Nf4 Qc6 18.Rd2 Rfc8 19.Rad1 Nb6 20.b3 Nfd7 21.Rd6 Qc7 22.Nh5
e5 23.Qd2 Nf8 24.Bh6 Ne6 25.Bxg7 Nxg7 26.Nf6+ Kf8 27.Nxh7+ Kg8 28.Nf6+ Kf8
29.Qh6 Rd8 30.Nh5 Rxd6 31.Rxd6 Nd7 32.Nxg7 Ke7 33.Nf5+ Ke8 34.Qh8+ Nf8
35.Qxe5+ {#r} 1-0

[Event "It (open)"]
[Site "masterchessopen.com Forchheim (Germany)"]
[Date "2011.10.08"]
[Round "2"]
[White "Luch Michal (POL)"]
[Black "Wittmann Helmut (GER)"]
[Result "1-0"]
[WhiteElo "2433"]
[BlackElo "2088"]

1.d4 Nf6 2.c4 e6 3.Nc3 Bb4 4.Qc2 d5 5.a3 Bxc3+ 6.Qxc3 c5 7.dxc5 d4 8.Qc2 Nc6
9.b4 e5 10.e4 dxe3 11.Bxe3 Ng4 12.Rd1 Qh4 13.Qc3 O-O 14.Nf3 Qh5 15.Be2 f5
16.b5 f4 17.Bc1 e4 18.bxc6 exf3 19.Qxf3 Qxc5 20.cxb7 Bxb7 21.Qxg4 Rf6 22.Rd7
Rg6 23.Qxf4 Bxg2 24.Rg1 Rf8 25.Qd4 Qa5+ 26.Bd2 Qf5 27.Bc3 Qb1+ 28.Kd2 Qa2+
29.Bb2 Rb8 30.Rxg7+ Kf8 31.Qc5+ {#r} 1-0

[Event "Ch Romania (team)"]
[Site "masterchessopen.com Brasov (Romania)"]
[Date "2011.10.14"]
[Round "7"]
[White "Balla Tamas (ROM)"]
[Black "Parligras Mircea (ROM)"]
[Result "0-1"]
[WhiteElo "2378"]
[BlackElo "2625"]

1.d4 Nf6 2.c4 e6 3.Nc3 Bb4 4.Qc2 d5 5.a3 Bxc3+ 6.Qxc3 c5 7.dxc5 d4 8.Qg3 Nc6
9.Qxg7 Rg8 10.Qh6 e5 11.f3 Na5 12.Bg5 Rg6 13.Qh4 Nxc4 14.O-O-O h6 15.Bxh6 Qa5
16.e3 Nxe3 17.Bxe3 Qxc5+ 18.Kb1 Bf5+ 19.Ka1 dxe3 20.Qh8+ Ng8 21.Ne2 Kf8 22.Qh4
Ra6 23.Nc1 Rxa3+ 24.bxa3 Qc3+ 25.Ka2 Qc2+ {#R} 0-1

[Event "It (open) \"]
[Site "masterchessopen.com Cuiaba (Brazil)"]
[Date "2011.10.22"]
[Round "4"]
[White "Molina Roberto Junio Brito (BRA)"]
[Black "Said Munir (BRA)"]
[Result "1-0"]
[WhiteElo "2419"]
[BlackElo "1989"]

1.d4 Nf6 2.c4 e6 3.Nc3 Bb4 4.Qc2 d5 5.a3 Bxc3+ 6.Qxc3 Nbd7 7.Nf3 Ne4 8.Qc2
Ndf6 9.h3 O-O 10.e3 a5 11.Bd3 c5 12.O-O b6 13.b3 Bb7 14.Bb2 Rc8 15.Qe2 Qe7
16.Rac1 Rfd8 17.Rfd1 a4 18.bxa4 Ra8 19.Ne5 Rxa4 20.cxd5 exd5 21.dxc5 bxc5
22.Ng4 Raa8 23.Nxf6+ Nxf6 24.Qc2 Ne4 25.Bxe4 dxe4 26.Rxd8+ Rxd8 27.Qxc5 Qxc5
28.Rxc5 h6 29.Bd4 Ba6 30.a4 Bd3 31.a5 Rb8 32.Kh2 Kh7 33.Rc7 Kg6 34.a6 Ra8
35.a7 Bb1 36.Kg3 Ba2 37.Kf4 Rd8 38.Rc5 Bd5 39.Rxd5 {#r} 1-0

[Event "It (open)"]
[Site "masterchessopen.com Le Touquet (France)"]
[Date "2011.10.22"]
[Round "1"]
[White "Lazarev Vladimir (FRA)"]
[Black "Vigneron Quentin (FRA)"]
[Result "1-0"]
[WhiteElo "2431"]
[BlackElo "2000"]

1.d4 Nf6 2.c4 e6 3.Nc3 Bb4 4.Qc2 d5 5.a3 Bxc3+ 6.Qxc3 c5 7.dxc5 d4 8.Qg3 Nc6
9.Nf3 e5 10.e4 Nxe4 11.Qxg7 Qf6 12.Bh6 Ke7 13.b4 Bf5 14.Bd3 Rhg8 15.Qxf6+ Kxf6
16.Nh4 Ng3 17.Nxf5 Nxf5 18.Bd2 e4 19.Bxe4 Rae8 20.f3 Rxg2 21.O-O-O Ne3 22.Rdg1
Rxg1+ 23.Rxg1 Ne5 24.Bxb7 N5xc4 25.c6 Nd6 26.Ba6 Re7 27.b5 Kf5 28.Bb4 Ke6
29.Rg8 Nd5 30.Bc5 Nc7 31.Rd8 Ndxb5 32.Bxb5 Nxb5 33.Bxe7 Kxe7 34.Rd5 a6 35.a4
Na7 36.c7 {#r} 1-0

[Event "Ch Spain (team) (Liga Madrilena)"]
[Site "masterchessopen.com Madrid (Spain)"]
[Date "2011.12.04"]
[Round "4"]
[White "Unciti Juan Javier (ESP)"]
[Black "Ramirez Garcia Jorge Alberto (MEX)"]
[Result "0-1"]
[WhiteElo "2143"]
[BlackElo "2177"]

1.d4 Nf6 2.c4 e6 3.Nc3 Bb4 4.Qc2 d5 5.a3 Bxc3+ 6.Qxc3 b6 7.e3 O-O 8.Nf3 c5
9.dxc5 bxc5 10.Bd3 dxc4 11.Bxc4 Ba6 12.O-O Bxc4 13.Qxc4 Qb6 14.Bd2 Nbd7 15.Bc3
Nd5 16.Rfd1 Rab8 17.Ne5 N7f6 18.Rab1 Rfc8 19.b3 h5 20.Ba1 Qa5 21.e4 Nb6 22.Qe2
Qxa3 23.Rd3 Qb4 24.Re1 Na8 25.Nc4 Ne8 26.Qxh5 Qxe1# 0-1

[Event "It (open)"]
[Site "masterchessopen.com Groningen (Netherlands)"]
[Date "2011.12.21"]
[Round "1"]
[White "Michiels Bart (BEL)"]
[Black "Lyell Mark (ENG)"]
[Result "0-1"]
[WhiteElo "2492"]
[BlackElo "2189"]

1.d4 Nf6 2.c4 e6 3.Nc3 Bb4 4.Qc2 d5 5.a3 Bxc3+ 6.Qxc3 c5 7.dxc5 d4 8.Qg3 Nc6
9.Nf3 e5 10.e4 O-O 11.Bd3 Nd7 12.b4 a5 13.Rb1 axb4 14.axb4 Ra4 15.Bh6 g6
16.Bxf8 Qxf8 17.O-O Nxb4 18.Be2 Qxc5 19.Ne1 Nf6 20.Nd3 Nxd3 21.Qxd3 Be6 22.Qb3
Ra6 23.Rfc1 b5 24.Qxb5 Qxb5 25.cxb5 Ra2 26.Bf3 Ng4 27.Ra1 Nh6 28.Rxa2 Bxa2
29.Re1 f5 30.b6 Kf7 31.g3 g5 32.exf5 Nxf5 {#R} 0-1

[Event "Ch Sweden (team) 2011/12"]
[Site "masterchessopen.com Sweden"]
[Date "2012.01.14"]
[Round "4"]
[White "Johansson Gunnar (SWE)"]
[Black "Carlsson Pontus (SWE)"]
[Result "0-1"]
[WhiteElo "2238"]
[BlackElo "2522"]

1.d4 Nf6 2.c4 e6 3.Nc3 Bb4 4.Qc2 d5 5.a3 Bxc3+ 6.Qxc3 c5 7.cxd5 cxd4 8.Qxd4
Nc6 9.Qd1 exd5 10.e3 O-O 11.Nf3 Bg4 12.Be2 Qb6 13.O-O Rad8 14.b4 Rfe8 15.Bb2
d4 16.exd4 a5 17.h3 Bh5 18.g4 Bg6 19.b5 h5 20.g5 Nd5 21.Qd2 Nce7 22.Ne5 Qe6
23.Kh2 Bf5 24.Bxh5 Ng6 25.h4 Nxe5 26.dxe5 Nf6 27.Qxd8 Rxd8 28.gxf6 Rd2 29.Bc3
Rd3 30.Rac1 Qc4 31.f4 Rxc3 32.Rxc3 Qxc3 33.Bf3 gxf6 34.exf6 Qxf6 35.Rg1+ Kf8
36.Rg5 Be4 37.Kg3 Qc3 {#R} 0-1

[Event "It (open) \"]
[Site "masterchessopen.com Caleta (England)"]
[Date "2012.01.30"]
[Round "7"]
[White "Al-Sayed Mohammed (QAT)"]
[Black "Laznicka Viktor (CZE)"]
[Result "0-1"]
[WhiteElo "2082"]
[BlackElo "2704"]

1.d4 Nf6 2.c4 e6 3.Nc3 Bb4 4.Qc2 d5 5.a3 Bxc3+ 6.Qxc3 O-O 7.Bg5 c5 8.dxc5 d4
9.Qg3 Nbd7 10.Nf3 e5 11.e3 dxe3 12.O-O-O exf2 13.Be2 Qc7 14.Rxd7 Nxd7 15.Bh6
g6 16.Bxf8 Kxf8 17.Rd1 Nxc5 18.Nxe5 Kg8 19.Qxf2 Bf5 20.Rd5 Nb3+ 21.Kd1 Be6
22.Rd3 Nc5 23.Re3 Rd8+ 24.Ke1 f5 25.Bf3 f4 26.Re2 Bxc4 {#R} 0-1

[Event "It (open)"]
[Site "masterchessopen.com Moscow (Russia)"]
[Date "2012.02.04"]
[Round "8"]
[White "Gordievsky Dmitry (RUS)"]
[Black "Kachar Vladimir (RUS)"]
[Result "1-0"]
[WhiteElo "2406"]
[BlackElo "2294"]

1.d4 Nf6 2.c4 e6 3.Nc3 Bb4 4.Qc2 d5 5.a3 Bxc3+ 6.Qxc3 dxc4 7.Qxc4 b6 8.Nf3 O-O
9.Bf4 Ba6 10.Qxc7 Qd5 11.Qd6 Qf5 12.g3 Nbd7 13.Bg2 Rac8 14.Ne5 Nb8 15.O-O Bxe2
16.Rfe1 Ba6 17.Rac1 Rcd8 18.Qe7 Nd5 19.Bxd5 Rxd5 20.Be3 Bb5 21.Rc7 Rxe5
22.dxe5 Bc6 23.Rd1 Bd5 24.Bg5 {#r} 1-0

[Event "Ch Madrid (Previa A)"]
[Site "masterchessopen.com Madrid (Spain)"]
[Date "2012.02.21"]
[Round "8"]
[White "Perez-Nunez Castillo Jose A"]
[Black "Corredor Gonzalez Angel L (ESP)"]
[Result "0-1"]
[WhiteElo "1633"]
[BlackElo "1751"]

1.d4 Nf6 2.c4 e6 3.Nc3 Bb4 4.Qc2 d5 5.a3 Bxc3+ 6.bxc3 h6 7.e3 O-O 8.Nf3 Nc6
9.Bd3 a6 10.a4 Re8 11.Ne5 Nxe5 12.dxe5 Ng4 13.cxd5 exd5 14.Bb2 Nxe5 15.Be2 Qg5
16.Bf1 Nc4 17.Bc1 Bf5 18.Qa2 Be4 19.Rg1 Qf6 20.Bd2 Nxd2 21.Qxd2 c5 22.Bd3 d4
23.cxd4 cxd4 24.Ke2 dxe3 25.fxe3 Rad8 26.Ra3 Qd6 27.Rc3 Qxh2 28.Rf1 Qxg2+
29.Rf2 Qg4+ 30.Ke1 Qg5 31.Ke2 Re7 32.Qc1 Qg4+ 33.Kd2 Red7 34.Qf1 Bxd3 35.Rxd3
Rxd3+ 36.Qxd3 Rxd3+ {#R} 0-1

[Event "Ch Chess Club"]
[Site "masterchessopen.com San Sebastian De La Gomera (Spain)"]
[Date "2012.03.17"]
[Round "4"]
[White "Padilla Mendez Vicente"]
[Black "Machin Arbelo Pedro Alexis (ESP)"]
[Result "0-1"]
[WhiteElo "1806"]
[BlackElo "2043"]

1.d4 e6 2.c4 Nf6 3.Nc3 Bb4 4.Qc2 d5 5.a3 Bxc3+ 6.Qxc3 O-O 7.Bg5 h6 8.Bh4 Nbd7
9.e3 Re8 10.Nf3 c6 11.cxd5 exd5 12.Bd3 Qb6 13.b4 Ne4 14.Qc2 a5 15.Rb1 axb4
16.axb4 Ra3 17.Bxe4 dxe4 18.Nd2 Qa6 19.Qc4 Qa8 20.O-O Nb6 21.Qc2 Bf5 22.Bg3
Nd5 23.Rb2 Rc3 24.Qb1 b5 25.Bd6 Qd8 26.Bg3 Qe7 27.Rd1 Ra8 28.h3 Ra4 29.Nb3
Rxb4 30.Nc5 Rbc4 31.Ra2 Kh7 32.Ra6 Nb4 33.Ra8 Nd3 34.Nb3 Rb4 35.Ra3 Be6 36.Qa1
Rcxb3 37.Ra7 Qf6 38.Qa6 Rb1 39.Rxb1 Rxb1+ 40.Kh2 Nxf2 41.Be5 Qg5 42.g3 Qh5
{#R} 0-1

[Event "Ch Hungary (juniors) (under 14)"]
[Site "masterchessopen.com Budapest (Hungary)"]
[Date "2012.04.05"]
[Round "3"]
[White "Kantor Gergely"]
[Black "Kaczur Florian"]
[Result "1-0"]
[WhiteElo "2316"]
[BlackElo "2142"]

1.d4 Nf6 2.c4 e6 3.Nc3 Bb4 4.Qc2 d5 5.a3 Bxc3+ 6.Qxc3 c5 7.cxd5 cxd4 8.Qxd4
Nc6 9.Qd1 Nxd5 10.e4 Nb6 11.Qxd8+ Kxd8 12.Be3 e5 13.Rd1+ Kc7 14.Ne2 Be6 15.Nc3
Rad8 16.Be2 Bb3 17.Rc1 a6 18.f3 Rd7 19.Kf2 Rhd8 20.h4 f6 21.g4 Be6 22.g5 Nc4
23.Nd5+ Bxd5 24.exd5 Nxe3 25.dxc6 Rd2 26.Kxe3 Rxb2 27.cxb7+ Kxb7 28.Rb1 Rd2
29.Rxb2+ Rxb2 30.gxf6 gxf6 31.Bd3 {#r} 1-0

[Event "Ch Hungary (team) 2011/12"]
[Site "masterchessopen.com Hungary"]
[Date "2012.05.20"]
[Round "11"]
[White "Kantor Gergely (HUN)"]
[Black "Tanacs Anna (HUN)"]
[Result "1-0"]
[WhiteElo "2316"]
[BlackElo "2078"]

1.d4 Nf6 2.c4 e6 3.Nc3 Bb4 4.Qc2 d5 5.a3 Bxc3+ 6.Qxc3 c5 7.dxc5 Nc6 8.cxd5
exd5 9.Nf3 O-O 10.Bg5 d4 11.Qc2 Re8 12.O-O-O Qd5 13.e3 Bf5 14.Qc4 Qxc4+
15.Bxc4 dxe3 16.Bxe3 Ng4 17.Bd4 Na5 18.Ba2 Re2 19.Rd2 Rae8 20.h3 Nf6 21.Bxf6
gxf6 22.Nd4 Re1+ 23.Rxe1 Rxe1+ 24.Rd1 Re5 25.b4 Nc6 26.f4 Nxd4 27.fxe5 fxe5
28.Bd5 Ne2+ 29.Kd2 Nf4 30.Bxb7 Bg6 31.b5 {#r} 1-0